000 00803cam a2200241 a 4500
001 4362939
005 20180301034712.0
008 900724s1991 nyu 000 0 eng
010 _a 90044753
020 _a0525249362 :
_c$22.95
040 _aDLC
_cDLC
_dDLC
041 _aeng
043 _an-us---
080 _a658.3009730112 BOY
082 0 0 _a658.3009730112 BOY
_220
100 1 _a58
101 _aBIZ
245 1 0 _aWorkplace 2000 :
_cJoseph H. Boyett & Henry P. Conn.
504 _aIncludes bibliographical references (p. [345]-357) and index.
906 _a7
_bcbc
_corignew
_d1
_eocip
_f19
_gy-gencatlg
942 _2ddc
_cBK
999 _c43762
_d43762